| 000 | 00407nam a22001337a 4500 | ||
|---|---|---|---|
| 003 | OSt | ||
| 082 |
_a664 _bARS/AP |
||
| 088 | _aT 632 | ||
| 100 |
_aArsha Sugathan _95098 |
||
| 245 | _aApplication of atmospheric pressure cold plasma on the quality attributes of finger millets / | ||
| 260 |
_aTavanur : _bDepartment of Processing & Food Engineering _c2024 |
||
| 700 |
_aSudheer K. P (Guide) _96188 |
||
| 942 | _cTH | ||
| 999 |
_c19322 _d19322 |
||